000 00454nam a22001817a 4500
005 20180205163904.0
008 160524b xxu||||| |||| 00| 0 eng d
020 _a0-07-058672-1
041 _aeng
082 _b4483
_a005.1
100 _aHughes, Bob & Other
_91109
245 _aSoftware Project Management
250 _a3rd ed.
260 _aNew Delhi
_bAcademic Faundation
300 _a346
650 _aInformation Technology
_9137
942 _cBK
999 _c1507
_d1507